Math Quiz - Statistics

General Stats
  • This quiz has been taken 1,594 times
  • The average score is 8 of 15
Answer Stats
Hint Answer % Correct
2*2 4
99%
3*3 9
89%
6*6 36
86%
5*5 25
80%
7*7 49
80%
5*4 20
74%
2*3 6
70%
10*10 100
41%
7*9 63
39%
10*11 110
25%
12*12 144
21%
2*4 8
20%
13*13 169
14%
4*6 24
13%
15*15 225
10%
No matching quizzes found
Score Distribution
Percent of People with Each Score
Percentile by Number Answered
Your Score History
You have not taken this quiz